[Event "European School-ch 2019"]
[Site "Mamaia"]
[Date "2019.06.05"]
[Round "6.17"]
[White "Kanli, Alperen"]
[Black "Tarhan, Adar"]
[Result "1/2-1/2"]
[WhiteElo "1790"]
[BlackElo "1964"]
[Annotator "NA RC"]
[PlyCount "134"]
[EventDate "2019.05.31"]
[EventType "swiss"]
[EventCountry "ROU"]
[SourceTitle "playchess.com"]
[Source "ChessBase"]
[SourceQuality "1"]
[TimeControl "40/5400+30:1800+30"]

1. e4 {[%emt 0:00:00]} e5 {[%emt 0:00:00]} 2. Nf3 {[%emt 0:00:00]} Nc6 {[%emt 0:00:00]} 3. Bb5 {[%emt 0:00:00]} a6 {[%emt 0:00:00]} 4. Ba4 {[%emt 0:00:08]} Nf6 {[%emt 0:00:00]} 5. O-O {[%emt 0:03:12]} Be7 {[%emt 0:00:08]} 6. d3 {[%emt 0:00:06]} b5 {[%emt 0:00:10]} 7. Bb3 {[%emt 0:00:17]} d6 {[%emt 0:00:09]} 8. a4 {[%emt 0:00:19]} Bd7 {[%emt 0:00:14]} 9. c3 {[%emt 0:11:08] C84: Closed Ruy Lopez: Unusual White 6th moves} O-O {[%emt 0:01:52]} 10. Be3 $146 {[%emt 0:02:19]} ({Predecessor:} 10. Bc2 b4 11. Re1 Rb8 12. Nbd2 Re8 13. h3 d5 14. a5 Bf8 15. Bb3 bxc3 16. bxc3 dxe4 {½-½ (35) Erenburg,S (2589)-So,W (2765) chess.com INT 2019}) 10... Na5 {[%emt 0:01:42]} 11. Bc2 {[%emt 0:02:34]} c5 {[%emt 0:00:46]} 12. Nbd2 {[%emt 0:11:12]} Nc6 {[%emt 0:02:25]} 13. Re1 {[%emt 0:03:32]} h6 {[%emt 0:00:54]} 14. Nf1 {[%emt 0:02:53]} b4 {[%emt 0:06:58]} 15. Ng3 {[%emt 0:07:28]} Be6 {[%emt 0:01:24]} 16. h3 {[%emt 0:24:55]} bxc3 {[%emt 0:15:14]} 17. bxc3 {[%emt 0:00:16]} Re8 {[%emt 0:02:19]} 18. Nh2 {[%emt 0:10:08]} (18. d4 $14 exd4 19. cxd4) 18... Bf8 {[%emt 0:00:32]} 19. Qf3 {[%emt 0:00:23]} d5 {[%emt 0:01:41]} 20. exd5 {[%emt 0:03:26]} Bxd5 {[%emt 0:00:51]} 21. Ne4 {[%emt 0:00:01]} Nxe4 {[%emt 0:07:52]} 22. dxe4 {[%emt 0:00:01]} Be6 {[%emt 0:00:02]} 23. Nf1 {[%emt 0:00:17]} Qa5 {[%emt 0:00:49]} 24. Bd2 {[%emt 0:00:00]} Rab8 {[%emt 0:01:59]} 25. Rab1 {[%emt 0:01:03]} Red8 {[%emt 0:00:56]} 26. Red1 {[%emt 0:01:32]} g6 {[%emt 0:04:33]} 27. Be1 {[%emt 0:01:22]} Ba2 {[%emt 0:09:08]} 28. Ra1 {[%emt 0:01:06]} Be6 {[%emt 0:03:50]} 29. Rab1 {[%emt 0:00:24]} c4 {[%emt 0:11:58]} 30. Ne3 {[%emt 0:00:51]} Bg7 {[%emt 0:02:28]} 31. Rxb8 {[%emt 0:04:55]} Rxb8 {[%emt 0:00:32]} 32. Nd5 {[%emt 0:00:24]} Rb2 {[%emt 0:01:16]} 33. Nb4 {[%emt 0:00:38]} Qb6 {[%emt 0:01:16]} 34. Rc1 {[%emt 0:00:42]} a5 {[%emt 0:05:43]} 35. Nxc6 {[%emt 0:00:05]} Qxc6 36. Qd1 Qd7 {[%emt 0:04:16]} 37. Bd2 {[%emt 0:02:09]} h5 {[%emt 0:00:19]} 38. Kf1 {[%emt 0:01:30]} Bf8 {[%emt 0:02:03]} 39. Rb1 {[%emt 0:01:22]} Rxb1 {[%emt 0:00:24]} 40. Bxb1 {[%emt 0:00:00]} Bh6 {[%emt 0:00:00]} 41. Ke2 {[%emt 0:00:22]} Bxd2 {[%emt 0:00:58]} 42. Qxd2 {[%emt 0:00:04]} Qxa4 {[%emt 0:00:06]} 43. f3 {[%emt 0:01:53]} Qb5 {[%emt 0:00:40]} 44. Ba2 {[%emt 0:00:36]} a4 {[%emt 0:01:06]} 45. g4 {[%emt 0:03:54]} (45. Qc1 $142) 45... hxg4 {[%emt 0:00:10]} 46. hxg4 {[%emt 0:00:03]} a3 {[%emt 0:00:21]} 47. Kd1 {[%emt 0:02:16]} Qb6 {[%emt 0:00:45]} 48. Qe2 {[%emt 0:00:22]} (48. Ke2 $142 Kh7 49. Qc1) 48... Qd6+ {[%emt 0:02:16]} (48... Qg1+ $142 49. Qe1 {[#]} Qg2 $1 {[%mdl 512]}) 49. Kc1 {[%emt 0:02:28]} Qd3 {[%emt 0:00:15]} 50. Qxd3 {[%emt 0:00:17]} cxd3 {[%emt 0:00:04]} 51. c4 {[%emt 0:00:04]} f5 {[%emt 0:00:08]} 52. gxf5 {[%emt 0:00:16]} gxf5 {[%emt 0:00:04]} 53. Kd2 {[%emt 0:13:31]} f4 {[%emt 0:01:50]} 54. Kxd3 {[%emt 0:00:03]} Kf7 {[%emt 0:04:17]} 55. Kc3 {[%emt 0:00:28]} Kg6 $2 {[%emt 0:00:05]} ({Black should try} 55... Bh3 $19 56. Bb3 Bf1) 56. Kb4 {[%emt 0:01:19]} Kg5 {[%emt 0:00:06]} 57. Kxa3 {[%emt 0:00:35]} Kh4 {[%emt 0:00:04]} 58. c5 Bd7 $11 {[%emt 0:00:12]} 59. Bb3 {[%emt 0:03:28]} Kg3 {[%emt 0:08:46]} 60. Bd1 {[%emt 0:00:09]} Kf2 61. Kb4 {[%emt 0:00:36]} Ke1 {[%emt 0:00:07]} 62. Bb3 {[%emt 0:00:15]} Ke2 {[%emt 0:00:04]} 63. c6 {[%emt 0:08:16]} Bxc6 {[%emt 0:00:40]} 64. Kc5 {[%emt 0:00:07]} Kxf3 {[%emt 0:00:24]} 65. Kxc6 {[%emt 0:00:04]} Kxe4 {[%emt 0:00:03]} 66. Kd6 {[%emt 0:03:33]} f3 {[%emt 0:00:29]} 67. Bd5+ {[%emt 0:00:08]} Kd4 1/2-1/2

[Event "European School-ch 2019"]
[Site "Mamaia"]
[Date "2019.06.05"]
[Round "6.18"]
[White "Nedelcu, Teodor-Cosmin"]
[Black "Zheng, Jerry Z"]
[Result "1-0"]
[WhiteElo "1954"]
[BlackElo "1551"]
[Annotator "NA RC"]
[PlyCount "139"]
[EventDate "2019.05.31"]
[EventType "swiss"]
[EventCountry "ROU"]
[SourceTitle "playchess.com"]
[Source "ChessBase"]
[SourceQuality "1"]
[TimeControl "40/5400+30:1800+30"]

1. d4 {[%emt 0:00:00]} Nf6 {[%emt 0:00:00]} 2. c4 {[%emt 0:00:00]} e6 {[%emt 0:00:00]} 3. Nc3 {[%emt 0:00:00]} Bb4 {[%emt 0:00:00]} 4. e3 {[%emt 0:00:11]} O-O {[%emt 0:00:36]} 5. Bd3 {[%emt 0:00:41]} d5 {[%emt 0:01:40]} 6. Nge2 {[%emt 0:02:34]} dxc4 7. Bxc4 {[%emt 0:00:44]} c5 {[%emt 0:04:02]} 8. O-O {[%emt 0:01:30]} cxd4 {[%emt 0:01:08]} 9. exd4 {[%emt 0:01:33]} b6 {[%emt 0:01:18] E48: Nimzo-Indian: Rubinstein: 5 Bd3 d5 including 6 Ne2, but excluding 6 a3} (9... Nc6 10. a3 Bd6 11. h3 b6 12. Bg5 Bb7 13. d5 exd5 14. Bxd5 Be7 15. Bf3 h6 16. Bf4 Na5 17. Bxb7 Nxb7 18. Rc1 Nc5 19. Nd4 {½-½ (62) Vachier Lagrave,M (2789)-Ding,L (2791) Stavanger 2018}) 10. a3 {[%emt 0:01:21]} Bd6 $146 {[%emt 0:02:49]} ({Predecessor:} 10... Bxc3 11. Nxc3 Qc7 12. Be2 Bb7 13. Bg5 Ne4 14. Nb5 Qd7 15. Bf4 Nc6 16. f3 Nf6 17. Nd6 Nh5 18. Qd2 Rfd8 19. Nxb7 Nxf4 20. Qxf4 Nxd4 {1-0 (54) Moore,G-Jones,T Swansea 1970}) 11. Ng3 {[%emt 0:09:12]} Bb7 {[%emt 0:02:15]} 12. Bg5 {[%emt 0:04:43]} Nbd7 {[%emt 0:08:18]} 13. d5 {[%emt 0:11:21]} exd5 {[%emt 0:06:04]} 14. Bxd5 {[%emt 0:07:19]} Bxd5 {[%emt 0:05:25]} 15. Nxd5 {[%emt 0:02:52]} Be7 {[%emt 0:10:34]} 16. Nxe7+ {[%emt 0:01:59]} Qxe7 {[%emt 0:00:04]} 17. Re1 {[%emt 0:00:38]} Qc5 {[%emt 0:01:03]} 18. Be3 {[%emt 0:00:51]} Qd5 {[%emt 0:03:38]} 19. Qe2 {[%emt 0:02:51]} Rfe8 {[%emt 0:10:59]} 20. Rad1 {[%emt 0:01:59]} Qc6 {[%emt 0:11:03]} 21. Rc1 {[%emt 0:05:10]} Qb7 {[%emt 0:00:35]} 22. Red1 {[%emt 0:01:09]} Nd5 {[%emt 0:06:15]} 23. Qf3 {[%emt 0:01:24]} N7f6 {[%emt 0:03:42]} 24. Bg5 {[%emt 0:02:54]} Rab8 {[%emt 0:05:54]} 25. Nf5 {[%emt 0:05:47]} Re5 {[%emt 0:04:19]} 26. Bxf6 {[%emt 0:07:12]} Nxf6 {[%emt 0:01:51]} 27. Qxb7 {[%emt 0:01:33]} Rxb7 {[%emt 0:02:24]} 28. Rc8+ {[%emt 0:01:03]} Ne8 {[%emt 0:00:50]} 29. f4 {[%emt 0:01:11]} Re6 {[%emt 0:01:52]} 30. Rdd8 {[%emt 0:02:07]} Kf8 {[%emt 0:00:39]} 31. Nxg7 {[%emt 0:01:49]} Kxg7 {[%emt 0:00:39]} 32. Rxe8 {[%emt 0:00:03]} Rbe7 {[%emt 0:01:33]} 33. Rxe7 {[%emt 0:00:50]} Rxe7 {[%emt 0:00:03]} 34. Kf2 {[%emt 0:00:24]} Kg6 {[%emt 0:01:03]} 35. Kf3 {[%emt 0:02:34]} h5 {[%emt 0:01:22]} 36. Rg8+ {[%emt 0:01:55]} Kf6 {[%emt 0:01:25]} 37. Rg5 {[%emt 0:01:14]} h4 {[%emt 0:00:46]} 38. Rd5 {[%emt 0:00:35]} Rc7 {[%emt 0:02:02]} 39. Rd6+ {[%emt 0:00:50]} Kg7 {[%emt 0:00:46]} 40. Rd2 {[%emt 0:00:00]} Rc6 {[%emt 0:00:00]} 41. Kg4 {[%emt 0:00:46]} Rf6 {[%emt 0:01:49]} 42. Rf2 {[%emt 0:00:52]} Rh6 {[%emt 0:00:18]} 43. Kg5 {[%emt 0:01:34]} a6 {[%emt 0:01:05]} 44. f5 {[%emt 0:01:32]} Rd6 {[%emt 0:03:43]} 45. Kxh4 {[%emt 0:00:37]} Rd4+ {[%emt 0:00:36]} 46. g4 {[%emt 0:00:58]} Rd3 {[%emt 0:00:29]} 47. Kg5 {[%emt 0:01:12]} Rd4 {[%emt 0:00:22]} 48. Rc2 {[%emt 0:01:17]} b5 {[%emt 0:01:54]} 49. h3 {[%emt 0:02:09]} b4 {[%emt 0:00:48]} 50. axb4 {[%emt 0:00:37]} Rxb4 {[%emt 0:00:08]} 51. Rc6 {[%emt 0:00:39]} Rxb2 {[%emt 0:01:25]} 52. Rxa6 {[%emt 0:00:04]} Rb3 {[%emt 0:00:21]} 53. h4 {[%emt 0:00:09]} Rb4 {[%emt 0:00:17]} 54. h5 {[%emt 0:00:45]} Rb1 {[%emt 0:01:06]} 55. Ra7 {[%emt 0:01:16]} Rb6 {[%emt 0:00:31]} 56. h6+ {[%emt 0:00:57]} Kg8 {[%emt 0:01:23]} 57. Ra8+ {[%emt 0:00:17]} Kh7 {[%emt 0:00:19]} 58. Rf8 {[%emt 0:00:30]} f6+ {[%emt 0:00:27]} 59. Rxf6 {[%emt 0:00:11]} Rxf6 {[%emt 0:00:08]} 60. Kxf6 {[%emt 0:00:03]} Kxh6 {[%emt 0:00:12]} 61. Ke7 {[%emt 0:00:21]} Kg5 {[%emt 0:00:12]} 62. f6 {[%emt 0:00:10]} Kxg4 {[%emt 0:00:16]} 63. f7 {[%emt 0:00:03]} Kf4 {[%emt 0:00:09]} 64. f8=Q+ {[%emt 0:00:13]} Ke4 {[%emt 0:00:11]} 65. Kd6 {[%emt 0:00:27]} Kd4 {[%emt 0:00:12]} 66. Qf4+ {[%emt 0:00:04]} Kd3 {[%emt 0:00:16]} 67. Kc5 {[%emt 0:00:10]} Ke2 {[%emt 0:00:37]} 68. Kc4 {[%emt 0:00:07]} Ke1 {[%emt 0:00:26]} 69. Kd3 {[%emt 0:00:04]} Kd1 {[%emt 0:00:10]} 70. Qd2# {[%emt 0:00:03]} 1-0

[Event "European School-ch 2019"]
[Site "Mamaia"]
[Date "2019.06.05"]
[Round "6.19"]
[White "Nemsadze, Daviti"]
[Black "Gurel, Ediz"]
[Result "1/2-1/2"]
[WhiteElo "1803"]
[BlackElo "1914"]
[Annotator "NA RC"]
[PlyCount "90"]
[EventDate "2019.05.31"]
[EventType "swiss"]
[EventCountry "ROU"]
[SourceTitle "playchess.com"]
[Source "ChessBase"]
[SourceQuality "1"]
[TimeControl "40/5400+30:1800+30"]

1. d4 {[%emt 0:00:00]} Nf6 {[%emt 0:00:00]} 2. c4 {[%emt 0:00:00]} e6 {[%emt 0:00:20]} 3. Nf3 {[%emt 0:00:00]} b6 {[%emt 0:00:57]} 4. g3 {[%emt 0:00:17]} Bb7 {[%emt 0:00:33]} 5. Bg2 {[%emt 0:00:12]} Be7 {[%emt 0:00:43]} 6. O-O {[%emt 0:00:13]} O-O {[%emt 0:02:28]} 7. Nc3 {[%emt 0:14:05]} Ne4 {[%emt 0:02:17]} 8. Nd2 {[%emt 0:01:53] E18: Queen's Indian: Old Main Line (4 g3 Bb7 5 Bg2 Be7 6 0-0 0-0 7 Nc3)} (8. Bd2 f5 9. Ne5 Bf6 10. Nxe4 Bxe4 11. Bc3 Bxg2 12. Kxg2 d5 13. cxd5 Qxd5+ 14. Nf3 {½-½ (14) Berkes,F (2661)-Abasov,N (2629) Hungary 2019}) 8... Nxc3 {[%emt 0:00:00]} 9. bxc3 {[%emt 0:00:11]} Bxg2 10. Kxg2 {[%emt 0:00:13]} d5 {[%emt 0:08:46]} 11. e4 $146 {[%emt 0:03:11]} ({Predecessor:} 11. cxd5 Qxd5+ 12. e4 Qb7 13. Qe2 Rd8 14. Nf3 c5 15. Rd1 Na6 {1-0 (52) Ostojic,K (1964)-Abramovic,B (2420) Belgrade 2016}) 11... dxe4 {[%emt 0:00:28]} 12. Nxe4 {[%emt 0:00:20]} Nd7 {[%emt 0:00:09]} 13. Qf3 {[%emt 0:01:33]} Nf6 {[%emt 0:09:36]} 14. Be3 {[%emt 0:02:27]} Qd7 {[%emt 0:01:27]} 15. a4 {[%emt 0:16:28]} Rfd8 {[%emt 0:11:17]} 16. Rfd1 {[%emt 0:00:28]} Rac8 {[%emt 0:01:42]} 17. a5 {[%emt 0:22:17]} Qe8 {[%emt 0:16:35]} 18. axb6 {[%emt 0:10:01]} axb6 {[%emt 0:01:05]} 19. Ra7 {[%emt 0:00:45]} Nxe4 {[%emt 0:07:28]} 20. Qxe4 {[%emt 0:00:39]} Bf6 {[%emt 0:00:11]} 21. Rb1 {[%emt 0:06:31]} g6 {[%emt 0:10:47]} 22. h4 {[%emt 0:03:34]} Rd6 {[%emt 0:04:52]} 23. f3 {[%emt 0:03:33]} Qc6 {[%emt 0:03:50]} 24. Rb4 {[%emt 0:07:25]} Be7 {[%emt 0:06:41]} 25. Qc2 {[%emt 0:04:16]} f6 {[%emt 0:06:10]} 26. Qa2 {[%emt 0:00:37]} Kf7 {[%emt 0:00:29]} 27. Rb1 {[%emt 0:00:22]} Rdd8 {[%emt 0:02:05]} 28. Qb3 {[%emt 0:01:00]} Kg7 {[%emt 0:01:23]} 29. Bf4 {[%emt 0:00:21]} h6 {[%emt 0:00:33]} 30. Re1 {[%emt 0:00:16]} Rd7 {[%emt 0:00:29]} 31. c5 {[%emt 0:00:38]} Kf7 {[%emt 0:01:00]} 32. cxb6 {[%emt 0:01:22]} cxb6 {[%emt 0:00:03]} 33. Ra6 {[%emt 0:00:23]} Rb7 {[%emt 0:00:17]} 34. Raa1 {[%emt 0:00:48]} g5 {[%emt 0:00:52]} 35. hxg5 {[%emt 0:00:17]} hxg5 {[%emt 0:00:03]} 36. Bd2 {[%emt 0:00:02]} g4 {[%emt 0:00:28]} 37. Re3 {[%emt 0:01:20]} Rh8 {[%emt 0:01:30]} 38. c4 {[%emt 0:00:18]} Rd7 {[%emt 0:00:35]} 39. Qc3 {[%emt 0:00:00]} Rh5 {[%emt 0:00:00]} 40. Rae1 {[%emt 0:00:00]} gxf3+ {[%emt 0:00:00]} 41. Rxf3 {[%emt 0:01:30]} Rc7 {[%emt 0:02:37]} 42. Qe3 {[%emt 0:13:03]} Ra7 {[%emt 0:08:36]} 43. Qe2 {[%emt 0:04:56]} ({Much worse is} 43. d5 exd5 44. g4 Rh8 $17) 43... Rd7 $18 {[%emt 0:12:51]} (43... Rh7 $11 {and Black is okay.}) 44. d5 exd5 45. Rxf6+ Kxf6 1/2-1/2

[Event "European School-ch 2019"]
[Site "Mamaia"]
[Date "2019.06.05"]
[Round "6.20"]
[White "Durak, Can"]
[Black "Celik, Hasan Huseyin"]
[Result "0-1"]
[WhiteElo "1646"]
[BlackElo "1727"]
[Annotator "NA RC"]
[PlyCount "166"]
[EventDate "2019.05.31"]
[EventType "swiss"]
[EventCountry "ROU"]
[SourceTitle "playchess.com"]
[Source "ChessBase"]
[SourceQuality "1"]
[TimeControl "40/5400+30:1800+30"]

1. d4 {[%emt 0:00:00]} Nf6 {[%emt 0:00:09]} 2. c4 {[%emt 0:01:21]} g6 {[%emt 0:00:11]} 3. Nf3 {[%emt 0:00:40]} Bg7 {[%emt 0:01:06]} 4. g3 {[%emt 0:01:35]} O-O {[%emt 0:00:19]} 5. Bg2 {[%emt 0:01:01]} d6 {[%emt 0:00:09]} 6. O-O {[%emt 0:00:45]} c6 {[%emt 0:00:21]} 7. Nc3 {[%emt 0:01:22]} Qa5 {[%emt 0:00:05]} 8. Bd2 {[%emt 0:12:15]} Qb6 {[%emt 0:03:34]} 9. b3 {[%emt 0:00:34]} Nbd7 {[%emt 0:04:14]} 10. Bf4 {[%emt 0:03:40]} Re8 {[%emt 0:07:19]} 11. Rc1 {[%emt 0:08:49]} e5 {[%emt 0:02:53]} 12. dxe5 {[%emt 0:00:25]} dxe5 {[%emt 0:00:08]} 13. Be3 {[%emt 0:00:42]} Qc7 {[%emt 0:00:26]} 14. h3 {[%emt 0:02:16]} Nf8 {[%emt 0:05:42]} 15. Bg5 {[%emt 0:05:00]} Bf5 {[%emt 0:07:08]} 16. Bxf6 {[%emt 0:01:56]} Bxf6 {[%emt 0:00:42]} 17. e4 {[%emt 0:00:03]} Bd7 {[%emt 0:02:53]} 18. Qd2 {[%emt 0:02:43]} Rad8 {[%emt 0:01:38]} 19. Qe3 {[%emt 0:00:58]} Qa5 {[%emt 0:03:42]} 20. Rfd1 {[%emt 0:05:41]} Ne6 {[%emt 0:03:08]} 21. Kh2 {[%emt 0:03:21]} Bc8 {[%emt 0:02:03]} 22. Qe1 {[%emt 0:01:27]} Bg7 {[%emt 0:00:24]} 23. Qe3 {[%emt 0:03:27]} Nd4 {[%emt 0:01:47]} 24. Rd2 {[%emt 0:03:20]} Nxf3+ {[%emt 0:10:53]} 25. Bxf3 {[%emt 0:00:09]} Rd4 {[%emt 0:00:10]} 26. Rcd1 {[%emt 0:01:15]} Red8 {[%emt 0:00:12]} 27. Rd3 {[%emt 0:03:20]} Qb6 {[%emt 0:03:53]} 28. Kg2 {[%emt 0:02:50]} R8d7 {[%emt 0:04:50]} 29. Bg4 {[%emt 0:04:51]} Rxd3 {[%emt 0:00:30]} 30. Rxd3 {[%emt 0:00:09]} Rxd3 {[%emt 0:00:03]} 31. Qxd3 {[%emt 0:00:06]} Bxg4 {[%emt 0:00:05]} 32. hxg4 {[%emt 0:00:05]} Qd4 {[%emt 0:00:03]} 33. Qxd4 {[%emt 0:01:35]} exd4 {[%emt 0:00:38]} 34. Na4 {[%emt 0:00:04]} d3 {[%emt 0:00:44]} 35. Kf1 {[%emt 0:00:47]} Bd4 {[%emt 0:00:04]} 36. b4 {[%emt 0:00:46]} d2 {[%emt 0:00:48]} 37. Ke2 {[%emt 0:00:05]} Bxf2 {[%emt 0:00:13]} 38. Kxd2 {[%emt 0:00:05]} Bxg3 {[%emt 0:00:08]} 39. Nc5 {[%emt 0:00:20]} b6 {[%emt 0:00:08]} 40. Nd7 {[%emt 0:00:00]} Kg7 {[%emt 0:00:00]} 41. e5 {[%emt 0:02:55]} h5 {[%emt 0:06:56]} 42. gxh5 {[%emt 0:00:12]} gxh5 43. Ke2 {[%emt 0:00:57]} f6 {[%emt 0:01:51]} 44. Nb8 {[%emt 0:02:48]} c5 {[%emt 0:03:16]} 45. bxc5 {[%emt 0:00:32]} Bxe5 {[%emt 0:01:19]} 46. Nc6 {[%emt 0:00:16]} bxc5 {[%emt 0:00:06]} 47. Nxa7 {[%emt 0:00:18]} Kg6 {[%emt 0:04:08]} 48. a4 {[%emt 0:03:59]} Kf5 {[%emt 0:00:12]} 49. a5 {[%emt 0:00:18]} Ke6 {[%emt 0:02:35]} 50. Nc8 {[%emt 0:05:27]} Kd7 {[%emt 0:00:29]} 51. Nb6+ {[%emt 0:00:05]} Kc6 {[%emt 0:00:10]} 52. Kf3 {[%emt 0:00:33]} Kb7 {[%emt 0:01:36]} 53. Nd7 {[%emt 0:04:21]} Bd4 {[%emt 0:00:06]} 54. Kg3 {[%emt 0:02:19]} Ka6 {[%emt 0:00:21]} 55. Kh4 {[%emt 0:00:10]} Kxa5 56. Kxh5 {[%emt 0:00:07]} Kb4 {[%emt 0:00:06]} 57. Nb6 {[%emt 0:00:10]} Kc3 {[%emt 0:01:13]} 58. Kg6 {[%emt 0:00:06]} Be5 {[%emt 0:01:15]} 59. Kf5 {[%emt 0:00:17]} Kd4 {[%emt 0:00:05]} 60. Ke6 {[%emt 0:01:24]} Bc7 {[%emt 0:00:37]} 61. Nd7 {[%emt 0:01:57]} Bd8 {[%emt 0:00:17]} 62. Kd6 {[%emt 0:00:14]} f5 {[%emt 0:00:32]} 63. Nxc5 {[%emt 0:01:55]} Be7+ {[%emt 0:00:14]} 64. Ke6 {[%emt 0:00:05]} f4 {[%emt 0:00:11]} 65. Kf5 {[%emt 0:00:20]} f3 {[%emt 0:01:37]} 66. Ne4 {[%emt 0:00:17]} Ke3 {[%emt 0:00:06]} 67. Ke5 {[%emt 0:01:02]} Bc5 {[%emt 0:00:29]} 68. Kf5 {[%emt 0:03:05]} Bd4 {[%emt 0:00:09]} 69. c5 {[%emt 0:00:42]} Bxc5 {[%emt 0:00:08]} 70. Nc3 {[%emt 0:00:15]} Bd4 {[%emt 0:01:16]} 71. Nd1+ {[%emt 0:00:49]} Ke2 {[%emt 0:00:07]} 72. Kf4 {[%emt 0:02:59]} Bg7 {[%emt 0:04:15]} 73. Kg3 {[%emt 0:01:14]} Bf6 {[%emt 0:00:07]} 74. Kf4 {[%emt 0:00:46]} Bg5+ {[%emt 0:00:05]} 75. Kg4 {[%emt 0:00:30]} Bd2 {[%emt 0:01:11]} 76. Kg3 {[%emt 0:00:08]} Ba5 {[%emt 0:00:37]} 77. Kg4 {[%emt 0:00:50]} Bb4 {[%emt 0:00:38]} 78. Kf4 {[%emt 0:06:48]} Bd6+ {[%emt 0:00:05]} 79. Ke4 {[%emt 0:00:44]} Be5 {[%emt 0:00:04]} 80. Ne3 {[%emt 0:00:35]} f2 {[%emt 0:00:05]} 81. Ng4 {[%emt 0:00:33]} f1=Q {[%emt 0:00:05]} 82. Nxe5 {[%emt 0:00:11]} Qh3 {[%emt 0:00:09]} 83. Ng6 {[%emt 0:00:21]} Qd3+ {[%emt 0:00:11]} 0-1

[Event "European School-ch 2019"]
[Site "Mamaia"]
[Date "2019.06.05"]
[Round "6.21"]
[White "Samunenkov, Ihor"]
[Black "Sapocinic, Semion"]
[Result "1-0"]
[WhiteElo "1972"]
[BlackElo "1697"]
[Annotator "NA RC"]
[PlyCount "119"]
[EventDate "2019.05.31"]
[EventType "swiss"]
[EventCountry "ROU"]
[SourceTitle "playchess.com"]
[Source "ChessBase"]
[SourceQuality "1"]
[TimeControl "40/5400+30:1800+30"]

1. d4 {[%emt 0:00:00]} Nf6 {[%emt 0:00:00]} 2. g3 {[%emt 0:00:00]} d5 {[%emt 0:00:07]} 3. Nf3 {[%emt 0:00:31]} Bf5 {[%emt 0:02:35]} 4. c4 {[%emt 0:03:35]} c6 {[%emt 0:01:55]} 5. Nc3 {[%emt 0:00:45]} e6 {[%emt 0:02:01]} 6. Nh4 {[%emt 0:00:12] D11: Slav Defence: 3 Nf3 sidelines and 3...Nf6 4 e3 Bg4} Bg4 {[%emt 0:00:32]} 7. f3 {[%emt 0:02:00]} Bh5 {[%emt 0:00:42]} 8. Qb3 {[%emt 0:00:13]} b6 $146 {[%emt 0:01:56]} ({Predecessor:} 8... Qb6 9. c5 Qxb3 10. axb3 Nfd7 11. g4 Be7 12. Nf5 exf5 13. gxh5 {½-½ (50) Bluebaum,M (2632)-Soffer,R (2508) Minsk 2017}) 9. Be3 {[%emt 0:06:33]} h6 {[%emt 0:01:13]} 10. Bf2 {[%emt 0:04:47]} g5 {[%emt 0:00:46]} 11. Ng2 {[%emt 0:00:55]} Bg6 {[%emt 0:00:36]} 12. h4 {[%emt 0:04:53]} Bg7 {[%emt 0:02:51]} 13. g4 {[%emt 0:01:56]} Nbd7 {[%emt 0:04:07]} 14. e3 {[%emt 0:02:06]} a6 {[%emt 0:13:30]} 15. cxd5 {[%emt 0:11:09]} cxd5 {[%emt 0:00:29]} 16. Be2 {[%emt 0:00:32]} O-O {[%emt 0:02:52]} 17. a4 {[%emt 0:07:47]} Qc7 {[%emt 0:07:59]} 18. O-O {[%emt 0:03:32]} Qb7 {[%emt 0:04:15]} 19. Bg3 {[%emt 0:01:23]} Rac8 {[%emt 0:06:04]} 20. Rad1 {[%emt 0:06:12]} Rc6 {[%emt 0:06:32]} 21. Be1 {[%emt 0:04:58]} Rfc8 {[%emt 0:01:40]} 22. f4 {[%emt 0:01:51]} Ne4 {[%emt 0:13:35]} 23. f5 {[%emt 0:03:53]} Nxc3 {[%emt 0:01:54]} 24. Bxc3 {[%emt 0:05:26]} Bh7 {[%emt 0:00:57]} 25. hxg5 {[%emt 0:04:01]} hxg5 {[%emt 0:00:18]} 26. e4 {[%emt 0:05:32]} Nf6 {[%emt 0:03:49]} 27. exd5 {[%emt 0:02:24]} Nxd5 {[%emt 0:01:34]} 28. Bf3 {[%emt 0:01:11]} Qd7 {[%emt 0:06:29]} 29. Bd2 {[%emt 0:04:46]} Bxd4+ {[%emt 0:01:36]} 30. Kh1 {[%emt 0:01:23]} Bf6 {[%emt 0:00:41]} 31. Ne3 {[%emt 0:02:34]} Rd8 {[%emt 0:00:53]} 32. Nxd5 {[%emt 0:01:01]} exd5 {[%emt 0:00:09]} 33. Bb4 {[%emt 0:00:12]} Rc4 {[%emt 0:02:26]} 34. Rxd5 {[%emt 0:02:06]} Qc7 {[%emt 0:00:59]} 35. Rxd8+ {[%emt 0:01:44]} Bxd8 {[%emt 0:00:42] [#]} 36. Bd6 $1 {[%emt 0:01:03]} Qxd6 {[%emt 0:00:58]} 37. Qxc4 {[%emt 0:00:33]} Bc7 {[%emt 0:00:03]} 38. Qe2 {[%emt 0:01:35]} Kg7 {[%emt 0:01:20]} 39. Be4 {[%emt 0:01:08]} Qg3 {[%emt 0:01:16]} 40. f6+ {[%emt 0:00:00]} Kh6 {[%emt 0:00:00]} 41. Bxh7 {[%emt 0:05:47]} Qh3+ {[%emt 0:02:12]} (41... Kxh7 $142 42. Qg2 Qh4+ 43. Kg1 Bf4) 42. Kg1 {[%emt 0:00:18]} Kxh7 $2 {[%emt 0:00:37]} (42... Qg3+ 43. Qg2 Kxh7 44. Qxg3 Bxg3) 43. Qe4+ {[%emt 0:07:58]} (43. Qc2+ $142 Kh6 44. Qxc7 Qxg4+ 45. Kf2 Qxa4 46. Qe5 Qh4+ 47. Kg2 Qg4+ 48. Qg3 Qe2+ 49. Rf2) 43... Kh6 {[%emt 0:00:58]} 44. Qh1 {[%emt 0:00:48]} Qxh1+ {[%emt 0:00:37]} 45. Kxh1 {[%emt 0:00:17]} Bd6 {[%emt 0:00:31]} 46. Rf5 {[%emt 0:00:49]} a5 {[%emt 0:00:10]} 47. Kg2 {[%emt 0:00:20]} Bc5 {[%emt 0:01:09]} 48. Kf3 {[%emt 0:01:04]} Bd4 {[%emt 0:00:37]} 49. b3 {[%emt 0:05:42]} Kg6 {[%emt 0:00:07]} 50. Ke4 {[%emt 0:01:35]} Bxf6 {[%emt 0:01:33]} 51. Rb5 {[%emt 0:03:07]} Bd8 {[%emt 0:01:05]} 52. Ke5 {[%emt 0:00:47]} Bf6+ {[%emt 0:01:51]} 53. Kd5 {[%emt 0:00:38]} Bc3 {[%emt 0:01:16]} 54. Rxb6+ {[%emt 0:00:21]} f6 {[%emt 0:00:19]} 55. Ke6 {[%emt 0:00:18]} Bd2 {[%emt 0:01:19]} 56. Rb8 $18 {[%emt 0:00:55]} Kg7 {[%emt 0:01:52]} 57. Kf5 {[%emt 0:00:12]} Bc3 {[%emt 0:00:17]} 58. Rb7+ {[%emt 0:00:09]} Kf8 {[%emt 0:00:09]} 59. Kg6 {[%emt 0:00:06]} Ke8 {[%emt 0:00:28]} 60. Rf7 {[%emt 0:00:24]} 1-0